00937njm a22002297a 450000500170000000600190001700700150003600800410005102800220009203500100011404000130012410000300013724500860016724601280025326000290038130000950041050000170050550501120052265000440063494200120067899900170069020100901115333.0a|||||r|||||00| 0 sd ammalaaahaa100901t xxu||||| |||| 00| 0 eng d aVE 5015bColumbia aGR-54 aSEDcSED aBarodekar, Hirabai917891 aHori khele mose nand hori:bDeepchand/cby Hirabai Barodekar h[Sound recording] aहोरी खेले मोसे नन्द होरी / हिराबाई बरोदेकर  aDUM DUM, IndiabColumbia a1 Sound disc [Gramophone Recording] :banalog, 33 1/3 rpmc9.5 in. (MP)fGramophone Record aBrief record aSide-2 पिया नही आये- पटदीप (piya nhai aye- Patdeep ) (Hirabai Barodekar)  aClassical musicxExcerptszIndia917892 2ddccGR c43396d43396